000 00886nam a22002657a 4500
001 9509
003 FISKH
005 20260116081818.0
008 260116b cb ||||| |||| 00| 0 eng d
020 _a9781404256477
040 _aFISKH
_beng
_cFISKH
_dFISKH
050 _aPE1119.O366
082 _a428.6
100 _aO'Donnell, Kerri
_eAuthor
245 _aWhose hat is that? /
_cKerri O'Donnell
260 _aNew York :
_bThe Rosen Publishing Group ,
_c2006
300 _a8 pages :
_bcolor illustrations ;
_c21 cm
505 _aA
520 _aFeaturing high-frequency words, pictures that are tightly correlated to the text, and a charming story, this leveled fiction reader will help emerging readers built early literacy skills.
521 8 _a10
_bLexile BR
521 8 _aA
_bRaz-Plus
650 _aNon-fiction
_vEarly reader
942 _2ddc
_cBK
_n0
999 _c9509
_d9509